[Event "Défi"]
[Site "www.echecsemail.com"]
[Date "2026.01.07"]
[Round "1"]
[White "Youliyouli"]
[Black "Superman"]
[WhiteElo "1880"]
[BlackElo "1810"]
[Result "1-0"]
1.e4 d5
2.exd5 Qd8xd5
3.Nb1c3 Qd5a5
4.Ng1f3 c6
5.d4 Ng8f6
6.Bc1d2 Bc8g4
7.Nc3e4 Qa5c7
8.Ne4xf6 exf6
9.Bf1e2 Bf8d6
10.h3 Bg4h5
11.Nf3h4 Bh5xe2
12.Qd1xe2 Bd6e7
13.Nh4f5 g6
14.Nf5g7 Kd8
15.Bd2h6 Nb8d7
16.O-O Qc7d6
17.c3 Kc7
18.g3 f5
19.Bh6f4 Qd6xf4
20.gxf4 Be7f6
21.Ng7xf5 gxf5
22.Qe2h5 Ra8g8
23.Kh1 Rg8g7
24.Qh5xf5 Rh8g8
25.d5 cxd5
26.Qf5xd5 Bf6h4
27.Ra1d1 f6
28.Qd5d4 b6
29.f5 Bh4g5
30.Rf1g1 Nd7e5
31.f4 Ne5f3
32.Qd4d6 Kc8
33.Qd6c6 Kb8
34.Qc6xf3 a5
35.fxg5 Rg7xg5
36.Rg1xg5 { abandon }1-0

[Event "Tournoi n27252"]
[Site "www.echecsemail.com"]
[Date "2026.01.07"]
[Round "1"]
[White "Tartu"]
[Black "Voyageur"]
[WhiteElo "1680"]
[BlackElo "1510"]
[Result "1/2-1/2"]
1.d4 g6
2.c4 d6
3.Ng1f3 b6
4.Nb1c3 Bf8g7
5.e4 Bc8b7
6.Bf1d3 Nb8d7
7.O-O Ng8f6
8.Bc1e3 O-O
9.h3 c5
10.Ra1c1 cxd4
11.Nf3xd4 e5
12.Nd4c2 Ra8c8
13.b3 Nd7c5
14.Be3xc5 dxc5
15.Nc2e3 Qd8c7
16.Nc3d5 Qc7d6
17.Qd1f3 Rc8d8
18.Rc1d1 Bb7c6
19.Rf1e1 Nf6xd5
20.exd5 Bc6b7
21.Qf3g3 Rf8e8
22.Ne3c2 f5
23.Bd3f1 Re8e7
24.f3 Qd6f6
25.Kh1 a6
26.f4 e4
27.Nc2e3 Qf6b2
28.Re1e2 Qb2c3
29.Ne3xf5 Qc3xg3
30.Nf5xe7 Kf8
31.Re2xe4 Bg7f6
32.Rd1d3 Qg3f2
33.Bf1e2 Bf6xe7
34.Rd3f3 Qf2e1
35.Kh2 Rd8e8
36.Be2d3 Qe1d2
37.Rf3e3 Qd2xa2
38.Bd3f1 Qa2a1
39.Re3e1 Qa1c3
40.Re4e3 Qc3f6
41.g3 Bb7c8
42.Bf1g2 Bc8d7
43.Bg2f3 Qf6f5
44.Bf3g4 Qf5c2
45.Re1e2 Qc2xe2
46.Re3xe2 Bd7xg4
47.hxg4 Kf7
48.Re2e6 Be7d8
49.Re6c6 Re8e3
50.Rc6c8 Ke8
51.Rc8a8 Re3xb3
52.Ra8xa6 Rb3e3
53.Ra6a4 Re3e7
54.Kg2 Kf7
55.Kf3 Kf6
56.Ra4a8 Re7e8
{ nul }1/2-1/2

[Event "Tournoi échelle division 3"]
[Site "www.echecsemail.com"]
[Date "2026.01.07"]
[Round "1"]
[White "Woluwe1975"]
[Black "Augustin"]
[WhiteElo "1610"]
[BlackElo "1510"]
[Result "1-0"]
1.d4 d5
2.Ng1f3 f6
3.Nb1d2 Qd8d6
4.e3 Nb8c6
5.c3 Bc8f5
6.Qd1a4 O-O-O
7.Bf1b5 a6
8.Bb5xa6 e5
9.b4 bxa6
10.Qa4xa6 Kd7
11.a4 g5
12.b5 Nc6b8
13.Qa6xd6 Kxd6
14.Bc1a3 Kd7
15.Ba3xf8 Rd8xf8
16.O-O e4
17.Nf3e1 Kc8
18.Nd2b3 Ng8e7
19.Nb3c5 c6
20.Ne1c2 cxb5
21.axb5 Bf5d7
22.Ra1a7 Rf8f7
23.Nc2b4 Bd7xb5
24.Rf1a1 Rh8f8
25.Nc5e6 Ne7c6
26.Ra7xf7 Rf8xf7
27.Nb4xc6 Nb8xc6
28.Ne6c5 Kc7
29.Ra1b1 Bb5c4
30.Rb1b7 { abandon }1-0

[Event "Défi"]
[Site "www.echecsemail.com"]
[Date "2026.01.07"]
[Round "1"]
[White "Arno"]
[Black "Burgman"]
[WhiteElo "1770"]
[BlackElo "2040"]
[Result "0-1"]
1.d4 Ng8f6
2.Bc1f4 c5
3.e3 d5
4.c3 e6
5.Bf1d3 Bf8d6
6.Bf4g3 O-O
7.Nb1d2 Nb8c6
8.Ng1f3 cxd4
9.exd4 h6
10.O-O Bc8d7
11.Bg3xd6 Rf8e8
12.Bd6e5 Nf6g4
13.Rf1e1 Ng4xe5
14.Nf3xe5 Re8e7
15.Ra1c1 Nc6xe5
16.dxe5 Qd8b6
17.b3 Ra8d8
18.Bd3b1 Bd7e8
19.Qd1c2 g6
20.Nd2f3 Re7c7
21.Qc2d2 Kg7
22.Nf3d4 Rd8c8
23.Re1e3 Be8b5
24.Nd4xb5 Qb6xb5
25.Re3h3 Rc8h8
26.Qd2d3 Qb5xd3
27.Bb1xd3 d4
28.c4 Rc7c5
29.f4 a5
30.Rh3g3 b6
31.f5 exf5
32.Bd3xf5 Rc5xe5
33.Bf5d7 Rh8d8
34.Bd7c6 d3
35.Rc1d1 d2
36.Bc6d5 Re5e1
37.Kf2 Re1xd1
38.Ke2 Rd1a1
39.Rg3d3 Ra1xa2
40.Rd3xd2 Ra2xd2
41.Kxd2 f5
42.Ke3 Kf6
43.g3 g5
44.h3 Ke5
{ abandon }0-1

[Event "Amical( 10J+24H/c 10J Max )"]
[Site "www.echecsemail.com"]
[Date "2026.01.07"]
[Round "1"]
[White "Dums190471"]
[Black "Kiki24"]
[WhiteElo "1890"]
[BlackElo "1850"]
[Result "0-1"]
1.d4 d5
2.Ng1f3 Ng8f6
3.Bc1f4 e6
4.c3 Bf8e7
5.Nb1d2 O-O
6.e3 c5
7.dxc5 Be7xc5
8.Nd2b3 Bc5e7
9.Bf1d3 b6
10.O-O Bc8b7
11.Ra1c1 Nb8d7
12.c4 dxc4
13.Bd3xc4 Ra8c8
14.Qd1e2 Qd8e8
15.Nb3d2 a6
16.a3 b5
17.Bc4a2 Nf6h5
18.Bf4g3 Nh5xg3
19.hxg3 Nd7f6
20.Nf3h2 Rc8xc1
21.Rf1xc1 Qe8a8
22.f3 Rf8c8
23.Rc1xc8 Qa8xc8
24.b4 Qc8c2
25.Ba2b3 Qc2b2
26.a4 bxa4
27.Bb3xa4 Qb2xb4
28.Ba4d1 a5
29.Nh2f1 Nf6d5
30.Qe2c4 Qb4xc4
31.Nd2xc4 Be7b4
32.Bd1b3 Kf8
33.e4 Nd5c3
34.g4 a4
35.Bb3xa4 Nc3xa4
36.Nf1g3 f6
37.Nc4e3 Bb4c5
38.Kf2 Bb7a6
39.f4 Na4c3
40.Kf3 Kf7
41.Ne3c2 g6
42.Nc2a1 Ba6c4
43.Ng3h1 Bc4e2
44.Kg3 Nc3xe4
45.Kh3 Be2d1
46.g3 Ne4f2
47.Nh1xf2 Bc5xf2
{ abandon }0-1

[Event "Défi"]
[Site "www.echecsemail.com"]
[Date "2026.01.07"]
[Round "1"]
[White "Berjay"]
[Black "Eclectic"]
[WhiteElo "1720"]
[BlackElo "1790"]
[Result "1-0"]
1.e4 g6
2.Bf1c4 e6
3.e5 d5
4.Bc4b5 c6
5.Bb5a4 b5
6.Ba4b3 Bf8g7
7.d4 Nb8d7
8.Ng1f3 c5
9.Nb1c3 a6
10.dxc5 Nd7xc5
11.Qd1d4 Nc5xb3
12.axb3 h6
13.O-O Qd8c7
14.Nc3xb5 Qc7e7
15.Qd4c3 Kd8
16.Qc3a5 { abandon }1-0

[Event "Défi"]
[Site "www.echecsemail.com"]
[Date "2026.01.07"]
[Round "1"]
[White "Gambitmiau"]
[Black "Kaspy"]
[WhiteElo "1390"]
[BlackElo "1830"]
[Result "0-1"]
1.e4 e5
2.Ng1f3 Nb8c6
3.Bf1b5 a6
4.Bb5xc6 bxc6
5.Nf3xe5 Qd8e7
6.d4 d6
7.Ne5xc6 Qe7xe4
8.Bc1e3 Qe4xg2
9.Rh1f1 Bc8b7
10.d5 Bb7xc6
11.dxc6 Qg2xc6
12.Qd1e2 Bf8e7
13.Kd1 Ng8f6
14.Nb1c3 O-O
15.f3 Rf8e8
16.a4 Ra8b8
17.Kc1 d5
18.Rf1d1 Be7c5
19.Rd1d3 d4
20.Nc3e4 dxe3
21.Rd3c3 Nf6xe4
22.fxe4 Re8xe4
23.Ra1a3 Qc6d6
24.Rc3d3 Qd6f6
25.Rd3d5 Bc5xa3
26.Qe2d3 Qf6xb2
27.Kd1 e2
28.Ke1 Qb2c1
29.Kf2 Qc1f4
30.Ke1 Rb8b1
{ abandon }0-1

[Event "Tournoi n27371"]
[Site "www.echecsemail.com"]
[Date "2026.01.07"]
[Round "1"]
[White "Wenoketo"]
[Black "Voyageur"]
[WhiteElo "1640"]
[BlackElo "1530"]
[Result "1/2-1/2"]
1.d4 g6
2.Ng1f3 d6
3.Bc1f4 b6
4.e3 Bc8b7
5.Bf1e2 Bf8g7
6.O-O Nb8d7
7.Nb1d2 Ng8f6
8.a3 O-O
9.h3 c5
10.c3 Rf8e8
11.Ra1c1 cxd4
12.cxd4 Ra8c8
13.Rc1xc8 Qd8xc8
14.Qd1c1 Nf6d5
15.Bf4h2 Nd5f6
16.Qc1xc8 Re8xc8
17.Nd2b3 Rc8c2
18.Be2d3 Rc2xb2
19.Nf3d2 Rb2a2
20.Rf1a1 Ra2xa1
21.Nb3xa1 e5
22.dxe5 dxe5
23.Na1b3 Bg7f8
24.a4 Nf6d5
25.Bd3c4 f6
26.e4 Bf8b4
27.exd5 Kf8
28.Nd2e4 Ke7
29.f4 exf4
30.Bh2xf4 f5
31.Bf4g5 Ke8
32.Kf2 Nd7e5
33.Bc4b5 Kf8
34.d6 Bb7xe4
35.Nb3d4 Bb4xd6
36.Nd4e6 Kf7
37.Ne6d8 Kf8
38.Nd8e6 Kf7
39.Ne6d8 Kf8
40.Nd8e6 Kf7
1/2-1/2

[Event "Tournoi n27314"]
[Site "www.echecsemail.com"]
[Date "2026.01.07"]
[Round "1"]
[White "Dversix"]
[Black "Wenoketo"]
[WhiteElo "1540"]
[BlackElo "1650"]
[Result "0-1"]
1.d4 d5
2.e3 Ng8f6
3.Bf1d3 Nb8c6
4.Bd3b5 Bc8d7
5.Bb5xc6 Bd7xc6
6.Ng1e2 e6
7.O-O Bf8e7
8.a4 O-O
9.b3 a6
10.Bc1a3 Be7xa3
11.Nb1xa3 h6
12.c4 dxc4
13.Na3xc4 Nf6h7
14.Nc4e5 Bc6e8
15.Qd1d2 Nh7f6
16.f4 Nf6d7
17.Qd2b4 Nd7xe5
18.dxe5 Be8c6
19.Ne2d4 Bc6d5
20.Rf1d1 Qd8c8
21.Rd1c1 b6
22.g3 Qc8b7
23.Kf2 Ra8c8
24.h4 Qb7b8
25.Rc1c3 Bd5b7
26.Ra1c1 Rf8d8
27.Nd4c6 Bb7xc6
28.Rc3xc6 Qb8a7
29.Qb4d4 Rd8xd4
30.exd4 b5
31.Ke3 bxa4
32.bxa4 Kf8
33.Ke4 Ke7
34.g4 Qa7b7
35.f5 exf5
36.gxf5 Kd7
37.e6 fxe6
38.fxe6 Ke7
39.d5 Qb7b4
40.Ke5 Qb4b2
41.Kf5 Rc8f8
42.Kg6 Qb2f6
43.Kh5 Qf6f5
0-1

[Event "Défi( 10J+24H/c 10J Max )"]
[Site "www.echecsemail.com"]
[Date "2026.01.07"]
[Round "1"]
[White "Connecticcut"]
[Black "Jenperlatete"]
[WhiteElo "1870"]
[BlackElo "1910"]
[Result "0-1"]
1.e4 d5
2.e5 e6
3.d4 c5
4.Bf1b5 Bc8d7
5.Bb5xd7 Nb8xd7
6.Ng1f3 cxd4
7.Qd1xd4 Nd7b6
8.O-O Bf8e7
9.b3 Ra8c8
10.c3 Be7c5
11.Qd4d3 h6
12.Bc1e3 Bc5xe3
13.fxe3 Ng8e7
14.Nf3d4 O-O
15.Nb1d2 Ne7g6
16.Nd2f3 Qd8c7
17.Ra1c1 Nb6d7
18.c4 Nd7xe5
19.Nf3xe5 Ng6xe5
20.Qd3e2 Qc7d7
21.cxd5 Qd7xd5
22.Rc1xc8 Rf8xc8
23.Qe2h5 f5
24.g4 Ne5xg4
25.Qh5h3 Qd5e4
26.Qh3f3 Qe4xe3
27.Qf3xe3 Ng4xe3
28.Rf1e1 e5
29.Nd4f3 f4
30.Re1e2 e4
31.Nf3e1 Rc8c3
32.Kf2 g5
33.Re2d2 Ne3g4
34.Kg2 f3
{ abandon }0-1

[Event "Tournoi n27284"]
[Site "www.echecsemail.com"]
[Date "2026.01.07"]
[Round "1"]
[White "Vvvv"]
[Black "Chevalice"]
[WhiteElo "1740"]
[BlackElo "1690"]
[Result "1-0"]
1.e4 b6
2.d4 Bc8b7
3.Nb1d2 Ng8f6
4.f3 d6
5.Bf1b5 c6
6.Bb5a4 e5
7.c3 exd4
8.cxd4 Bf8e7
9.Ng1e2 O-O
10.O-O b5
11.Ba4b3 a5
12.a3 Kh8
13.Bb3c2 Nf6h5
14.Ne2g3 g6
15.Nd2b1 Nb8d7
16.Nb1c3 Bb7c8
17.Bc1h6 Rf8g8
18.Qd1e1 Be7f8
19.Bh6e3 Qd8f6
20.Qe1d2 Nd7b6
21.e5 dxe5
22.Be3g5 Qf6e6
23.dxe5 Qe6xe5
24.Nc3e4 Nh5xg3
25.Bg5f6 Bf8g7
26.Bf6xe5 Bg7xe5
27.hxg3 Be5xb2
28.Ne4d6 Bb2xa1
29.Nd6xf7 Kg7
30.Rf1xa1 Kxf7
31.Qd2f4 Ke7
32.Ra1e1 Kd8
33.Qf4f6 Kc7
34.Re1e7 Nb6d7
35.Qf6f7 Rg8h8
36.Bc2e4 Ra8b8
37.Qf7f4 Kd8
38.Re7xd7 Bc8xd7
39.Qf4xb8 Bd7c8
40.Be4xc6 h5
41.Qb8xb5 Ke7
42.Qb5xa5 Rh8d8
43.Qa5g5 { abandon }1-0

[Event "Amical( 10J+24H/c 10J Max )"]
[Site "www.echecsemail.com"]
[Date "2026.01.07"]
[Round "1"]
[White "Bournivergne"]
[Black "Letyjo"]
[WhiteElo "2280"]
[BlackElo "2770"]
[Result "1/2-1/2"]
1.e4 c5
2.Ng1f3 d6
3.c3 Ng8f6
4.h3 Nb8c6
5.Bf1d3 e5
6.Bd3c2 d5
7.d3 h6
8.O-O Bc8e6
9.Qd1e2 Bf8d6
10.Nb1d2 d4
11.Bc2b3 Be6xb3
12.Nd2xb3 O-O
13.c4 a6
14.Nf3h4 b5
15.Nb3d2 g6
16.b3 Qd8e7
17.g3 Qe7e6
18.Kh2 Nf6d7
19.f4 exf4
20.gxf4 Kh7
21.Nd2f3 f5
22.e5 Bd6e7
23.Rf1g1 Rf8g8
24.Bc1d2 Nd7f8
25.Rg1g3 b4
26.Ra1g1 a5
27.Qe2d1 Qe6f7
28.Bd2e1 Nc6d8
29.Be1d2 Nd8e6
30.Rg1g2 Be7xh4
31.Nf3xh4 a4
32.Bd2c1 axb3
33.Qd1xb3 Ra8b8
34.Qb3a4 Rb8c8
35.Qa4a6 Rc8d8
36.Qa6b5 Kh8
37.a3 g5
38.fxg5 hxg5
39.Bc1xg5 Ne6xg5
40.Rg3xg5 Rg8xg5
41.Rg2xg5 Qf7e8
42.axb4 Qe8xb5
43.cxb5 cxb4
44.Nh4xf5 b3
45.Rg5g2 Rd8d5
46.Nf5d6 Nf8d7
47.Nd6f7 Kh7
48.e6 Nd7f6
49.Rg2b2 Rd5xb5
50.Nf7d6 Rb5b6
51.Nd6c4 Rb6xe6
52.Rb2xb3 Nf6h5
53.Rb3b7 Kh6
54.Rb7d7 Re6e2
55.Kg1 Nh5f4
56.Rd7xd4 Kg5
57.h4 Kg4
58.Kf1 Re2h2
59.Ke1 Rh2xh4
60.Kd2 Rh4h3
61.Rd4d7 Rh3xd3
62.Rd7xd3 { nul }1/2-1/2

[Event "XERTIGNY  VOSGES"]
[Site "www.echecsemail.com"]
[Date "2026.01.07"]
[Round "1"]
[White "4x4"]
[Black "Petitlulu64"]
[WhiteElo "1460"]
[BlackElo "1760"]
[Result "0-1"]
1.e4 e5
2.Ng1f3 Ng8f6
3.Bf1c4 Bf8d6
4.Nf3g5 O-O
5.d3 h6
6.Bc4xf7 Rf8xf7
7.Ng5xf7 Kxf7
8.Nb1c3 Kg8
9.Bc1e3 Nb8c6
10.Qd1d2 Nf6g4
11.f3 Ng4xe3
12.Qd2xe3 Nc6d4
13.O-O-O Bd6c5
14.g3 d6
15.f4 Nd4b3
16.axb3 Bc5xe3
17.Kb1 exf4
18.gxf4 Be3d4
19.Nc3e2 Bd4b6
20.c4 Bc8g4
21.Rd1e1 Bg4xe2
22.Re1xe2 Qd8h4
23.Re2d2 Qh4xf4
24.Kc2 a5
25.h3 a4
26.b4 a3
27.bxa3 Ra8xa3
28.Rh1b1 Ra3a2
29.Kc1 Qf4xd2
0-1

[Event "Coupe Niveau 2"]
[Site "www.echecsemail.com"]
[Date "2026.01.07"]
[Round "1"]
[White "Panchoa"]
[Black "Katastrofic"]
[WhiteElo "1610"]
[BlackElo "1420"]
[Result "1-0"]
1.e4 e5
2.Ng1f3 d6
3.Nb1c3 Bf8e7
4.Bf1c4 Ng8f6
5.O-O O-O
6.d4 c6
7.d5 cxd5
8.exd5 a6
9.Bc1g5 h6
10.Bg5xf6 Be7xf6
11.Nc3e4 b5
12.Bc4d3 Bc8b7
13.c4 bxc4
14.Bd3xc4 a5
15.Qd1b3 Bb7a6
16.Ra1c1 Ba6xc4
17.Rc1xc4 Nb8a6
18.Rc4c6 Ra8b8
19.Qb3c4 Na6b4
20.Rc6xd6 Bf6e7
21.Rd6xd8 Rb8xd8
22.Rf1d1 Rd8c8
23.Qc4e2 Rc8c2
24.Qe2b5 Rf8c8
25.h3 Rc2c1
26.Rd1xc1 Rc8xc1
27.Kh2 Rc1a1
28.Qb5e8 Be7f8
29.d6 Nb4d5
30.d7 { abandon }1-0

[Event "Défi"]
[Site "www.echecsemail.com"]
[Date "2026.01.07"]
[Round "1"]
[White "Tiounet"]
[Black "Vvvv"]
[WhiteElo "1690"]
[BlackElo "1650"]
[Result "0-1"]
1.a3 e5
2.b4 d5
3.Bc1b2 Bf8d6
4.Ng1f3 f6
5.g3 Ng8e7
6.Bf1g2 O-O
7.O-O b6
8.d3 Bc8b7
9.Nb1d2 c5
10.bxc5 bxc5
11.e3 Bb7c6
12.c4 a5
13.cxd5 Ne7xd5
14.Nd2c4 Ra8a6
15.Nc4xd6 Qd8xd6
16.Nf3h4 Nd5e7
17.Bg2xc6 Nb8xc6
18.Bb2c3 Ne7d5
19.Bc3b2 Rf8b8
20.Nh4f5 Qd6c7
21.Qd1c2 Nc6e7
22.Nf5xe7 Nd5xe7
23.Ra1b1 Ra6b6
24.a4 Qc7b7
25.Bb2c3 Rb6xb1
26.Rf1xb1 Qb7xb1
27.Qc2xb1 Rb8xb1
{ abandon }0-1

[Event "Eq:modesty-Vikings :"]
[Site "www.echecsemail.com"]
[Date "2026.01.07"]
[Round "1"]
[White "Chekenblanc"]
[Black "Viv59"]
[WhiteElo "2350"]
[BlackElo "2290"]
[Result "0-1"]
1.Ng1f3 c5
2.c4 Ng8f6
3.g3 Nb8c6
4.Bf1g2 g6
5.O-O Bf8g7
6.d4 cxd4
7.Nf3xd4 Nc6xd4
8.Qd1xd4 O-O
9.Nb1c3 d6
10.Qd4h4 Ra8b8
11.Bc1g5 Rf8e8
12.Ra1d1 Qd8b6
13.b3 Qb6a5
14.Nc3d5 Nf6xd5
15.Bg2xd5 Qa5xa2
16.c5 Bc8e6
17.Bd5xe6 fxe6
18.Bg5xe7 d5
19.e4 Qa2xb3
20.exd5 exd5
21.Be7d6 Re8e4
22.Qh4g5 Rb8e8
23.Qg5xd5 Qb3xd5
24.Rd1xd5 Re4b4
25.Rd5d3 Rb4b5
26.Rf1c1 Bg7b2
27.Rc1b1 a6
28.Bd6f4 Re8c8
29.Bf4e3 Rc8c7
30.Kg2 Kf7
31.f4 Ke7
32.Kf3 Rc7d7
33.Rb1d1 Rd7xd3
34.Rd1xd3 a5
35.g4 a4
36.f5 gxf5
37.Be3g5 Bb2f6
38.Bg5c1 Rb5b3
{ abandon }0-1

[Event "TRISTAN DA CUNHA"]
[Site "www.echecsemail.com"]
[Date "2026.01.07"]
[Round "1"]
[White "Mindthegap"]
[Black "Petitlulu64"]
[WhiteElo "1420"]
[BlackElo "1750"]
[Result "0-1"]
1.e4 e5
2.Ng1f3 Nb8c6
3.Nb1c3 Ng8f6
4.Bf1c4 Bf8d6
5.d3 Nc6d4
6.Nf3xd4 exd4
7.Nc3e2 c5
8.O-O a6
9.Rf1e1 b5
10.Bc4d5 Nf6xd5
11.exd5 O-O
12.c3 dxc3
13.Ne2xc3 b4
14.Nc3e4 Qd8c7
15.g3 Bc8b7
16.Qd1c2 Bb7xd5
17.Ne4xd6 Qc7xd6
18.Bc1e3 Bd5c6
19.Ra1d1 Qd6d5
20.b3 Qd5g2
0-1

[Event "Coupe Niveau 6"]
[Site "www.echecsemail.com"]
[Date "2026.01.07"]
[Round "1"]
[White "Alain64"]
[Black "Bournivergne"]
[WhiteElo "2120"]
[BlackElo "2320"]
[Result "0-1"]
1.c4 g6
2.Nb1c3 Bf8g7
3.d4 d6
4.Ng1f3 Ng8f6
5.e4 O-O
6.Bf1d3 e5
7.O-O Nb8c6
8.dxe5 dxe5
9.Nc3d5 Bc8g4
10.Bc1g5 h6
11.Nd5xf6 Bg7xf6
12.Bg5xh6 Bf6g7
13.Bh6xg7 Kxg7
14.h3 Bg4xf3
15.Qd1xf3 Qd8g5
16.Ra1d1 Ra8d8
17.Bd3b1 Rd8d2
18.h4 Qg5h6
19.Rd1xd2 Qh6xd2
20.Rf1d1 Qd2xb2
21.h5 Nc6d4
22.Qf3g4 Nd4e2
23.Kf1 Ne2c3
24.hxg6 Nc3xd1
25.gxf7 Kxf7
26.Qg4xd1 Ke7
27.Qd1c2 Qb2d4
28.f3 Rf8h8
29.Qc2d3 Rh8h1
30.Ke2 Qd4b2
31.Qd3c2 Rh1xb1
{ abandon }0-1

[Event "Tournoi n27355"]
[Site "www.echecsemail.com"]
[Date "2026.01.07"]
[Round "1"]
[White "Gognol"]
[Black "Legrillon"]
[WhiteElo "1900"]
[BlackElo "1720"]
[Result "1-0"]
1.e4 e5
2.Ng1f3 d6
3.Nb1c3 Bc8g4
4.h3 Bg4h5
5.g4 Bh5g6
6.d3 h6
7.Bf1g2 Bf8e7
8.Bc1e3 Nb8c6
9.Nc3d5 Ng8f6
10.Nd5c3 O-O
11.h4 Nf6xg4
12.h5 Bg6h7
13.Be3d2 f5
14.Bg2h3 Nc6d4
15.Nf3xd4 exd4
16.Nc3d5 c6
17.Nd5f4 Qd8d7
18.Qd1e2 Ng4e5
19.O-O-O Be7f6
20.Rh1g1 a5
21.Nf4g6 Bh7xg6
22.hxg6 c5
23.Bh3xf5 Qd7a4
24.Bf5e6 Kh8
25.Qe2h5 Qa4xa2
26.Bd2xh6 Qa2a1
27.Kd2 Ne5f3
28.Ke2 Nf3xg1
29.Rd1xg1 { abandon }1-0

[Event "VIC LA GARDIOLE"]
[Site "www.echecsemail.com"]
[Date "2026.01.07"]
[Round "1"]
[White "Qsdmlk"]
[Black "Patau"]
[WhiteElo "1550"]
[BlackElo "1660"]
[Result "0-1"]
1.e4 e5
2.Ng1f3 Nb8c6
3.Nb1c3 Ng8f6
4.d4 exd4
5.Nf3xd4 Bf8b4
6.Bc1d2 Nc6xd4
7.a3 Bb4a5
8.Bf1d3 d6
9.O-O O-O
10.Bd2e3 Ba5b6
11.Rf1e1 Bc8g4
12.Nc3e2 Rf8e8
13.Qd1d2 Nd4xe2
14.Bd3xe2 Nf6xe4
15.Qd2d5 Bg4xe2
16.Re1xe2 c6
17.Qd5h5 Re8e5
18.Qh5g4 Qd8f6
19.Be3f4 Re5e6
20.Ra1e1 Ra8e8
21.c4 d5
22.cxd5 cxd5
23.Bf4e3 Bb6xe3
24.fxe3 Qf6g6
25.Qg4h3 Re6e5
26.b4 Re8e6
27.Re1c1 Ne4d6
28.Qh3h4 Re5xe3
29.Re2xe3 f5
30.Qh4d8 Re6e8
31.Re3xe8 Qg6xe8
32.Qd8xd6 Qe8e3
33.Kf1 Qe3xc1
34.Kf2 Qc1d2
35.Kg3 Qd2e3
36.Kh4 Qe3e4
37.Kg3 Qe4e3
38.Kh4 Qe3f2
39.Kh3 Qf2e3
40.Kh4 Qe3e4
41.Kg3 f4
42.Kg4 Qe4xg2
43.Kf5 g6
44.Kf6 Qg2b2
45.Ke7 Qb2g7
46.Kd8 Qg7f8
47.Kc7 Qf8xd6
48.Kxd6 d4
{ abandon }0-1

[Event "Défi"]
[Site "www.echecsemail.com"]
[Date "2026.01.07"]
[Round "1"]
[White "Manulatus"]
[Black "Lancov"]
[WhiteElo "1890"]
[BlackElo "1910"]
[Result "0-1"]
1.c4 d6
2.Nb1c3 Ng8f6
3.g3 g6
4.Bf1g2 Bf8g7
5.e4 c6
6.Ng1e2 Bc8e6
7.d3 Qd8d7
8.Ne2f4 O-O
9.Nf4xe6 Qd7xe6
10.O-O Nb8d7
11.f4 Nd7c5
12.Ra1b1 Ra8d8
13.Qd1f3 a6
14.h3 Qe6c8
15.Bc1d2 e6
16.b4 Nc5d7
17.a3 Nd7b6
18.Bd2e3 Qc8c7
19.Kh2 d5
20.c5 Nb6d7
21.e5 Nf6e8
22.d4 f6
23.Qf3e2 fxe5
24.Qe2g4 exd4
25.Qg4xe6 Kh8
26.Nc3xd5 cxd5
27.Be3c1 Ne8f6
28.Qe6e1 Rd8e8
29.Qe1d2 Nf6e4
30.Qd2d3 Ne4c3
31.Rb1a1 Nd7f6
32.Bc1d2 Nf6e4
33.Ra1c1 Ne4xd2
34.Qd3xd2 Re8e2
35.Qd2d3 Rf8e8
36.Rc1c2 Re8e3
37.Rc2xe2 Re3xd3
38.Re2e8 Bg7f8
39.Re8xf8 Kg7
40.Rf8e8 Rd3e3
41.Re8xe3 dxe3
42.Rf1c1 d4
43.Rc1c2 Qc7e7
44.Bg2f1 e2
45.Bf1xe2 Nc3xe2
{ abandon }0-1

[Event "Défi( 10J+24H/c 10J Max )"]
[Site "www.echecsemail.com"]
[Date "2026.01.07"]
[Round "1"]
[White "Vb83"]
[Black "Hberlioz"]
[WhiteElo "1440"]
[BlackElo "1680"]
[Result "1-0"]
1.e4 e5
2.Ng1f3 Nb8c6
3.Bf1c4 h6
4.d4 exd4
5.Nf3xd4 Qd8f6
6.Nd4xc6 Qf6xc6
7.b3 Ng8f6
8.e5 Qc6xg2
9.Rh1f1 Nf6e4
10.Qd1d5 Qg2g6
11.Bc4d3 f5
12.exf6 Qg6xf6
13.Qd5xe4 Bf8e7
14.Qe4g6 Qf6xg6
15.Bd3xg6 Kd8
16.Bc1b2 Rh8g8
17.f4 d5
18.Nb1c3 Be7b4
19.a3 Bb4a5
20.b4 Ba5b6
21.Nc3xd5 Bc8h3
22.Rf1f3 Bh3g4
23.Rf3d3 Kc8
24.Nd5e7 Kb8
25.Ne7xg8 a6
26.Bb2xg7 Ka7
27.Ng8e7 h5
28.c4 c5
29.bxc5 Bb6xc5
30.Bg7d4 b6
31.Bd4xc5 bxc5
32.Ra1b1 { abandon }1-0

[Event "Eq:au plaisir du jeux -Vikings :"]
[Site "www.echecsemail.com"]
[Date "2026.01.07"]
[Round "1"]
[White "Lecavaliernoir"]
[Black "Air-3-bud"]
[WhiteElo "1560"]
[BlackElo "1810"]
[Result "0-1"]
1.e4 e6
2.d4 d5
3.e5 c5
4.Ng1f3 Nb8c6
5.Bf1d3 cxd4
6.O-O Qd8c7
7.Bc1f4 Ng8e7
8.Nb1a3 Ne7g6
9.Na3b5 Qc7d8
10.Bf4d2 a6
11.Nb5xd4 Nc6xe5
12.Nf3xe5 Ng6xe5
13.Bd3e2 Bf8d6
14.b3 O-O
15.c4 Rf8e8
16.a4 Qd8h4
17.f4 Ne5g6
18.Nd4f3 Qh4f6
19.g3 Bd6c5
20.Kg2 h5
21.h4 e5
22.Bd2c3 d4
23.fxe5 Ng6xe5
24.Bc3xd4 Bc5xd4
25.Qd1xd4 Qf6f5
26.Rf1h1 Ne5xf3
27.Be2xf3 Qf5c2
28.Kf1 Bc8g4
29.Bf3d5 Qc2e2
30.Kg1 Re8e3
31.Qd4f4 Ra8f8
32.Ra1f1 Re3xb3
33.Bd5xf7 Kh8
34.c5 Qe2e3
35.Qf4xe3 Rb3xe3
36.Kg2 Re3e2
37.Kg1 Re2c2
38.Bf7d5 Rf8xf1
39.Kxf1 Rc2xc5
40.Bd5xb7 Rc5a5
41.Bb7c6 Ra5c5
42.Bc6e8 a5
43.Kg2 Rc5c2
44.Kg1 Rc2a2
45.Be8c6 Ra2a3
46.Kf2 Ra3a2
47.Ke3 Ra2a3
48.Kf4 Ra3c3
49.Bc6d5 Rc3d3
50.Bd5c6 Kg8
51.Rh1e1 Rd3d4
52.Kg5 Kf8
53.Kg6 Rd4d6
54.Kh7 Bg4f5
55.Kh8 Rd6h6
0-1

[Event "Tournoi n27330"]
[Site "www.echecsemail.com"]
[Date "2026.01.07"]
[Round "1"]
[White "Legrillon"]
[Black "Wenoketo"]
[WhiteElo "1680"]
[BlackElo "1670"]
[Result "1-0"]
1.e4 c6
2.c4 e6
3.e5 d5
4.d4 dxc4
5.Bf1xc4 Nb8d7
6.Ng1f3 Nd7b6
7.Bc4b3 Nb6d5
8.Bb3xd5 cxd5
9.O-O Ng8e7
10.Bc1g5 h6
11.Bg5h4 Qd8b6
12.b3 Bc8d7
13.Nb1c3 Ne7g6
14.Bh4g3 Ra8c8
15.Qd1d3 Bf8b4
16.Rf1c1 Bb4xc3
17.Rc1xc3 Rc8xc3
18.Qd3xc3 O-O
19.h3 Rf8c8
20.Qc3d3 Bd7b5
21.Qd3d2 Rc8c6
22.Ra1c1 Rc6xc1
23.Qd2xc1 Bb5e2
24.Qc1c8 Kh7
25.Qc8c3 Qb6c6
26.Qc3xc6 bxc6
27.Nf3d2 Ng6e7
28.Bg3h4 Ne7f5
29.Bh4d8 Nf5xd4
30.Bd8e7 Be2a6
31.Be7c5 Nd4e2
32.Kh2 d4
33.Bc5xa7 d3
34.Ba7e3 Kg6
35.f4 Ne2c3
36.a4 Nc3d5
37.Nd2f1 Nd5xe3
38.Nf1xe3 f5
39.exf6 Kxf6
40.Kg1 g5
41.fxg5 hxg5
42.g4 Ke5
43.Kf2 Kd4
44.h4 gxh4
45.g5 Ke5
46.Kf3 Ba6c8
47.Kg4 Bc8d7
48.Kxh4 Bd7e8
49.Kg4 Be8g6
50.a5 Kd6
51.b4 Kc7
52.Kf4 Kb7
53.Ne3c4 Ka6
54.Ke3 Kb5
55.Nc4e5 Bg6h7
56.Ne5xd3 Kc4
57.a6 { abandon }1-0

[Event "Eq:Avalon-modesty :"]
[Site "www.echecsemail.com"]
[Date "2026.01.07"]
[Round "1"]
[White "Jetjet91330"]
[Black "Di67"]
[WhiteElo "2100"]
[BlackElo "1390"]
[Result "1-0"]
1.d4 e5
2.dxe5 Nb8c6
3.Ng1f3 Qd8e7
4.Nb1c3 Nc6xe5
5.e4 Ng8f6
6.Bf1e2 d6
7.O-O Bc8g4
8.Nf3d4 Qe7d7
9.f3 Bg4h5
10.Nd4f5 O-O-O
11.Be2b5 Qd7e6
12.Qd1d4 a6
13.Bb5a4 c5
14.Qd4e3 Ne5c4
15.Ba4b3 b5
16.Qe3e2 Nc4e5
17.Bb3xe6 fxe6
18.Nf5g3 Bh5g6
19.a4 Bg6e8
20.axb5 axb5
21.Nc3xb5 Ne5c6
22.Ra1a8 Kd7
23.Ra8xd8 Kxd8
24.Bc1g5 Bf8e7
25.Qe2d2 Nc6e5
26.Nb5xd6 Nf6d7
27.Qd2a5 Nd7b6
28.Qa5xb6 Kd7
29.Bg5xe7 Kxe7
30.Nd6c8 Kf6
31.Qb6xc5 Ne5d7
32.Qc5e7 Kg6
33.Qe7xe6 Nd7f6
34.Nc8e7 Kg5
35.f4 Kh6
36.Qe6h3 Nf6h5
37.Ng3f5 1-0

[Event "TRISTAN DA CUNHA"]
[Site "www.echecsemail.com"]
[Date "2026.01.07"]
[Round "1"]
[White "Rachess"]
[Black "Orosco"]
[WhiteElo "1550"]
[BlackElo "2270"]
[Result "0-1"]
1.e4 e5
2.Ng1f3 Nb8c6
3.Nb1c3 Ng8f6
4.Bf1c4 Bf8c5
5.d3 d6
6.Bc1g5 Nc6a5
7.Bc4b3 c6
8.d4 Na5xb3
9.cxb3 exd4
10.Nf3xd4 h6
11.O-O hxg5
12.Rf1e1 Nf6g4
13.h3 Qd8f6
14.Nd4f3 Ng4xf2
15.Qd1e2 Nf2xh3
16.Kf1 Nh3f4
{ abandon }0-1

[Event "Tournoi échelle division 2"]
[Site "www.echecsemail.com"]
[Date "2026.01.07"]
[Round "1"]
[White "Yab414"]
[Black "Nbelnico"]
[WhiteElo "1650"]
[BlackElo "1640"]
[Result "0-1"]
1.e4 e5
2.Ng1f3 d6
3.Bf1e2 Ng8f6
4.O-O Bf8e7
5.Nb1c3 O-O
6.d4 exd4
7.Nf3xd4 a6
8.a4 c5
9.Nd4f5 Nb8c6
10.Be2f3 Bc8d7
11.Nc3d5 Nf6xd5
12.Qd1xd5 Bd7e6
13.Nf5xe7 Nc6xe7
14.Qd5d2 Ne7g6
15.Qd2g5 f6
16.Qg5e3 Rf8e8
17.b3 d5
18.Bf3h5 d4
19.Qe3g3 Be6f7
20.Bh5g4 Re8xe4
21.Bc1b2 c4
22.Rf1e1 Re4xe1
23.Ra1xe1 cxb3
24.cxb3 d3
25.Bb2c3 Bf7xb3
26.a5 d2
27.Bc3xd2 Qd8xd2
28.Qg3e3 Qd2xa5
29.Bg4e6 Bb3xe6
30.Qe3xe6 Kf8
31.Qe6d6 Kg8
32.Qd6e6 Kf8
33.Re1d1 Ra8e8
34.Qe6d6 Ng6e7
35.h3 Kf7
36.Qd6d3 b5
37.Qd3xh7 b4
38.Qh7b1 Qa5c5
39.Qb1b3 Kf8
40.Rd1d3 a5
41.Rd3e3 Qc5b6
42.Re3e6 Qb6b5
43.Qb3e3 b3
44.Re6b6 Ne7d5
45.Rb6xb5 Nd5xe3
46.Rb5xb3 Ne3c4
47.g4 Re8a8
48.Kg2 a4
49.Rb3c3 a3
50.Rc3xc4 a2
51.Rc4c1 a1Q
52.Rc1xa1 Ra8xa1
53.h4 Ra1a4
54.Kg3 Kf7
55.h5 g6
56.hxg6 Kxg6
57.f3 f5
58.gxf5 Kxf5
59.Kf2 Kf4
60.Kg2 Ra4a3
61.Kf2 Ra3xf3
62.Kg2 Kg4
63.Kh2 Rf3f2
64.Kg1 Kf3
65.Kh1 Rf2d2
66.Kg1 Rd2f2
67.Kh1 Kg4
68.Kg1 Kg3
69.Kh1 Rf2f1
0-1

[Event "Tournoi n27140"]
[Site "www.echecsemail.com"]
[Date "2026.01.08"]
[Round "1"]
[White "Baranowsky"]
[Black "Jipepe"]
[WhiteElo "1510"]
[BlackElo "1580"]
[Result "1-0"]
1.Ng1f3 d6
2.g3 e5
3.d3 Ng8f6
4.Bf1g2 e4
5.dxe4 Nf6xe4
6.O-O Bf8e7
7.Bc1f4 O-O
8.Nb1d2 Bc8f5
9.Nd2xe4 Bf5xe4
10.Qd1d4 Be4xc2
11.Ra1c1 c5
12.Qd4d2 Bc2e4
13.Qd2e3 Be4c6
14.Rf1d1 Nb8a6
15.Qe3d2 d5
16.Nf3e1 Na6c7
17.Bf4xc7 Qd8xc7
18.Bg2xd5 Ra8d8
19.Rc1c3 b6
20.Rc3d3 Qc7b7
21.e4 Rd8d6
22.Bd5xc6 Qb7xc6
23.f3 Rf8d8
24.Rd3xd6 Rd8xd6
25.Ne1d3 Qc6b5
26.Qd2c2 c4
27.Nd3f2 Rd6xd1
28.Nf2xd1 Qb5c5
29.Kg2 b5
30.Nd1c3 a6
31.Nc3d5 Be7d6
32.a3 Bd6b8
33.b3 Bb8a7
34.bxc4 bxc4
35.Qc2a4 g6
36.Qa4xa6 Qc5g1
37.Kh3 Qg1f1
38.Kg4 Ba7f2
39.Qa6f6 Bf2c5
40.Qf6d8 Bc5f8
41.Qd8c8 Qf1h1
42.Kh3 Qh1xf3
43.Qc8xc4  { temps }1-0